000 00708nam a2200289Ia 4500
005 20260324120003.0
008 008 260324s9999 xx 000 0 eng d
020 _a9781315737546
037 _aEBOOK
040 _aCRL
040 _beng
040 _cCRL
041 _2eng
041 _aeng
084 _qCRL
100 _aCherine Hussein
_91156779
245 4 _aThe Re-Emergence of the Single State Solution in Palestine/Israel
245 0 _bCountering an Illusion
260 _bTaylor and Francis
260 _c2015
365 _a
365 _b240
856 _uhttp://www.taylorfrancis.com/books/9781315737546
942 _cEBOOK
999 _c1748056
_d1748056